Colorful Shape Search II Quiz Stats

 Plays Quiz Updated Jul 26, 2016

Challenge
Share
Tweet
Score 0/30 Timer 01:30
6 Plays Today
% Correct
Y. and G. Triangle
78.1%
O. and B. Circle
78%
Y. and B. Sun
77.9%
R. and Y. Circle
77.9%
R. and B. Circle
77.9%
G. and R. Heart
77.6%
B. and R. Heart
77.6%
Y. and B. Triangle
77.6%
Y. and G. Circle
77.5%
B. and O. Triangle
77.4%
B. and Y. Heart
77.3%
Y. and R. Square
77.3%
G.and O. Circle
77.2%
R. and G. Sun
77.1%
O. and R. Heart
77.1%
% Correct
G. and R. Triangle
77%
G. and B. Square
77%
G. and R. Square
76.9%
B. and G. Heart
76.9%
G. and B. Sun
76.8%
Y. and R. Triangle
76.8%
O. and R. Triangle
76.6%
B. and O. Heart
76.5%
B. and O. Square
76.4%
Y. and O. Circle
76.4%
R. and O. Sun
75.8%
G. and Y. Sun
75.7%
O. and G. Square
75.4%
O. and Red Square
75.3%
Y. and O.Sun
73.7%

You're not logged in!

Compare scores with friends on all Sporcle quizzes.
Join for Free
OR
Log In

You Might Also Like...

Show Comments

Extras

Top Quizzes Today


Score Distribution

Your Account Isn't Verified!

In order to create a playlist on Sporcle, you need to verify the email address you used during registration. Go to your Sporcle Settings to finish the process.

Report this User

Report this user for behavior that violates our Community Guidelines.

Details: